| 000 | 00461nam a22001577a 4500 | ||
|---|---|---|---|
| 008 | 230501b |||||||| |||| 00| 0 eng d | ||
| 040 |
_aNational Science Library _cNational Science Library |
||
| 080 |
_aR 915.414*B(03) _bK2 |
||
| 100 | _aChaudhury, P C Roy | ||
| 245 | _aBihar district gazetteers Dhanbad | ||
| 260 |
_aPatna: _bThe Superintendent Secretariat, _c1963 |
||
| 300 | _a565p. | ||
| 650 | _aManagement | ||
| 653 | _aGazetteers | ||
| 942 |
_2udc _cREF |
||
| 999 |
_c25987 _d25987 |
||